00623nam a2200205Ia 4500003000400000005001700004008004100021020001800062040001800080041000800098082002100106100001900127245007800146250001200224260004600236300002900282650004000311650003500351650003100386OSt20260130104209.0210716s2017 xx 000 0 und d a9788126564651 cAIMIT LIBRARY aeng a368.08 21bBOOT aBoobier, Tony. aAnalytics for insurance : breal business of big data /cBy Tony Boobier. a1st ed. aNew Delhi :bWiley India Pvt Ltd ,c2017. axvi,277p. ;bPBc25.5 cm aAnalytics and the office of finance aClaims and the moment of truth aThe importance of location